000 00979cam a2200157ua 4500
041 _aeng
_h
082 _a627.8
_bIND/CO
110 1 _aIndian standards institution .
_bISI
_c()
245 _aCode of practice for design , construction and maintenance of relief wells IS:5050-1968 /
_cIndian standards institution.
_hTextual Documents
250 _a1 /
_b.
260 _aNew Delhi :
_bIndian standards institution ,
_c1984.
300 _a26 ; .
504 _a
942 _cBK
999 _c10005
_d10005